Statistiques concernant Chanteuses internationales ayant performé aux NRJ Music Awards

Cliquez ici pour prendre le quiz!

Statistiques générales

  • Ce quiz a été pris 103 fois
  • Le résultat moyen est 9 sur 38

Statistiques - réponses

Année(s) de la performanceNationalité de l'artisteArtiste% Correct
2008 - 2010BarbadienneRihanna
81%
2004AméricaineBeyoncé
77%
2003 - 2006 - 2011 - 2012ColombienneShakira
75%
2018 - 2020Britannico-AlbanaiseDua Lipa
63%
2015 - 2021BritanniqueAdele
58%
2002 - 2004AméricaineBritney Spears
58%
2013AméricaineTaylor Swift
58%
2009 - 2013AméricaineKaty Perry
43%
2008CanadienneCéline Dion
36%
2022EspagnoleRosalia
36%
2005AméricaineJennifer Lopez
30%
2002 - 2004 - 2008AustralienneKylie Minogue
23%
2000 - 2003AméricaineMariah Carey
22%
2020 - 2021AustralienneSia
19%
2007AméricaineChristina Aguilera
17%
2003 - 2004ItalienneLaura Pausini
16%
2013AméricaineAlicia Keys
12%
2022AméricaineAva Max
11%
2018 - 2022Albano-MacédonienneBebe Rexha
11%
2006AustralienneTina Arena
11%
2018BritanniqueAnne-Marie
10%
2007Luso-canadienneNelly Furtado
10%
2007AméricaineFergie
8%
2022AméricaineGayle
8%
2007AméricaineGwen Stefani
8%
2001 - 2005AméricaineAnastacia
7%
2015BritanniqueEllie Goulding
7%
2013AméricaineCarly Rae Jepsen
6%
2002 - 2004BritanniqueDido
6%
2003EspagnoleLas Ketchup
6%
2022AméricaineLizzo
6%
2009AméricaineThe Pussycat Dolls
6%
2009BritanniqueDuffy
5%
2003BritanniqueSophie Ellis-Bextor
4%
2000AméricaineTina Turner
4%
2013BritanniqueBirdy
2%
2013BritanniqueEmeli Sandé
2%
2002BritanniqueGeri Halliwell
1%

Distribution des résultats

Percentile par nombre de réponses

% des personnes avec chaque résultat

Votre développement - résultats

Vous n’avez pas pris ce quiz